000 01227cab a2200337 4500
001 WB3110-36
008 090401t1995 xxu||||| |||| 00| 0 eng d
035 _a(Sirsi) u22703
041 _aeng
245 _aMinerals planning forum
260 _c1995
350 _a0
490 _aDoE News Release
_v(109) 6 March 1995 (33)
520 _aA new standard minerals planning application form is introduced. It is designed to speed up the application process, streamline procedure and reduce delays in decisions by minimising the need for mineral planning authorities to seek additional information from applicants. Example form and annexes included.
650 _aGAS OPERATIONS
650 _aMINERAL EXPLORATION
650 _aMINERAL EXTRACTION
650 _aMINERAL PLANNING AUTHORITIES
650 _aMINERAL WORKINGS
650 _aMINERALS PLANNING
650 _aOIL OPERATIONS
650 _aPLANNING APPLICATIONS
650 _aQUARRY WASTES
650 _aTOWN AND COUNTRY PLANNING (APPLICATIONS) REGULATIONS 1988
650 _aTOWN AND COUNTRY PLANNING ACT 1990
650 _aUNDERGROUND MINING
650 _aWASTE DISPOSAL
690 _aMINING AND MINERALS
942 _n0
948 _c04/03/1997
999 _c15219
_d15219